000 00552nam a22001817a 4500
005 20251108173122.0
008 250721s2000 xx 000 0 ara d
082 1 4 _a574.5/شاذ
100 1 _aالشاذلي، محمد
245 1 0 _aعلم البيئة العام و التنوع البيولوجي /
264 1 _aالقاهرة :
_bدار الفكر العربي،
_c2000.
300 _a158ص
650 1 7 _aعلم البيئة
650 1 7 _aصحة البيئة
650 1 7 _aالظروف البيئية
942 _2ddc
_cBK
999 _c96476
_d96476